Statistics for Cryptic Hint & Word Scramble - Capitals #1

Click here to take the quiz!

General Stats

  • This quiz has been taken 510 times
  • The average score is 11 of 15

Answer Stats

Vague hintCapitalExplanation of the vague hint% Correct
brO, if you juMp over my lEgos, i sweaR i'll kill youRomeRemus jumped over Romulus' wall, who killed him for doing so.
99%
kIdnap heR and i Shall gift you A PonyParisParis' abduction of Helena led to the Trojan War, which was decided through a horse.
95%
the most Juvenescent memBer of thAt clUbJubaJuba is the city that gained the function of capital last.
92%
Ich Bin eiN unkLareR hinwEisBerlinThis German sentence translates to "I am a vague hint" which should allude to Kennedy's speech "Ich bin ein Berliner".
89%
this One and iT's twin both have thIs infreQuent qUalityQuitoIn Ecuador the two most populous cities have approximately the same population and are way larger than number three. These two are Quito and Guayaquil, who both have the rare letter 'Q' in their name.
89%
this Used to bE a vitaL term fOr pSychologySeoulSeoul is a homophone of the soul. In the beginnings of psychology the object of research used to be referred to as the soul.
87%
in accordAnce with the weLl-Known soBriquet, this is the ossUaryKabul'Graveyard of empires' is a sobriquet of Afghanistan. In the same sense, Kabul is the ossuary, seeing as that is the most capital-like feature of a cemetery.
82%
We all used to Think candAce was dAting either tOrin, monTy or vanceOttawaMany people aren't aware that Ottawa is the capital of Canada (Candace), but instead think it's one of these three: Toronto (Torin), Montreal (Monty) or Vancouver (Vance).
81%
this jAckrAbbit didn't Hold still duRing long ExposuReHarare
A jackrabbit is a hare. If a hare moves during long exposure, it will appear multiple times on the picture. If its name is changed in accordance, you get Harare.
77%
how we cAn beaR all thosE unReasonaBle CapitAls i do not kNowCanberraWhy can't it be Sydney?
65%
this dUchy borderS fraNkfurt, heSse And prussiANassauApart from being the capital of the Bahamas, Nassau was also a central European Duchy before the unification of Germany.
65%
leSt your sworD breAks in bAttle, you shoUld Seek this City's MarketDamascusDamascene swords have a repuation of being highly resistant to shattering. In antiquity Damascus would have been the place to get one.
62%
gOoD God, thAt spellinG is An inexpUgnable ObstrUction fOr stUdentsOuagadougouOuagadougou is very hard to spell and thus poses an obstacle for students who need to learn all capitals.
58%
A hoofed MammAl, your cReator And the god of the SunAsmaraAn ass is a hoofed mammal, your ma is your creator and Ra is the god of the sun. With a little creativity, combined they make Asmara.
56%
wIth Glee thE yelloW cLad tOddler bouNded iNto The puddLesWellingtonFor the sake of this toddler's parents, I hope they are wearing wellington boots.
53%

Score Distribution

Percentile by Number Answered

Percent of People with Each Score

Your Score History

You have not taken this quiz